| 000 | 00633nam a2200205Ia 4500 | ||
|---|---|---|---|
| 003 | GCL | ||
| 008 | 140319s9999 xx 000 0 ara d | ||
| 040 |
_aGCL / _cGCL |
||
| 082 | 0 | 4 |
_a823.03 _bب ر |
| 100 | 1 | _aلويس مرقص | |
| 245 | 1 | 0 |
_aرجال الله : الجزء الاول / _cلويس مرقص |
| 700 | 1 | _aبك، بيرل | |
| 700 | 1 | _aمحمد محمد عبدالقادر | |
| 300 | _a376 ص | ||
| 490 |
_aالالف كتاب _v0 |
||
| 650 | 0 | 4 | _aالقصص الانجليزية |
| 650 | 0 | 4 | _aالادب الانجليزى المترجم |
| 650 | 0 | 4 | _aالادب العالمى المترجم |
| 942 |
_2ddc _cBK |
||
| 999 |
_c43728 _d43728 |
||